000 004560000a22001810004500
003 MACL
005 20151222172209.0
008 151222b xxu||||| |||| 00| 0 eng d
040 _aMACL
_cMACL
041 _aEnglish
082 _a748.502/OWE
100 _aOwen, Cheryl
_921679
245 _aCreative Ceramic Painting
260 _bDavid & Charles Books
_c2000
_aUK
350 _a1351
650 _aGlass Paintings
_922285
942 _cBK
_k748.502/OWE
_2ddc
999 _c40214
_d40214